Statistics for English Counties by Flag

Click here to take the quiz!

General Stats

  • This quiz has been taken 154 times
  • The average score is 15 of 38

Answer Stats

Answer% Correct
Cornwall
82%
Yorkshire
79%
Nottinghamshire
75%
Lancashire
74%
Devon
60%
Essex
60%
Kent
52%
Leicestershire
52%
Warwickshire
47%
Herefordshire
43%
Oxfordshire
43%
Dorset
41%
Middlesex
41%
Worcestershire
41%
Northumberland
39%
Buckinghamshire
38%
Hertfordshire
36%
Sussex
35%
Cheshire
34%
Somerset
34%
County Durham
32%
Lincolnshire
32%
Norfolk
32%
Shropshire
32%
Suffolk
32%
Rutland
31%
Staffordshire
30%
Berkshire
29%
Cambridge
29%
Gloucestershire
29%
Hampshire
29%
Bedfordshire
28%
Northamptonshire
28%
Surrey
28%
Wiltshire
28%
Derbyshire
27%
Cumberland
18%
Westmorland
15%

Score Distribution

Percentile by Number Answered

Percent of People with Each Score

Your Score History

You have not taken this quiz